The Evolution Of Sex In Plants (Record no. 592171)

MARC details
000 -LEADER
fixed length control field 00402nam a2200145 a 4500
008 - FIXED-LENGTH DATA ELEMENTS--GENERAL INFORMATION
fixed length control field 251017s2025##################000#0#eng##
082 04 - DEWEY DECIMAL CLASSIFICATION NUMBER
Classification number 581.15
Item number COU
100 ## - MAIN ENTRY--AUTHOR NAME
Personal name Coulter,john Merle
245 10 - TITLE STATEMENT
Title The Evolution Of Sex In Plants
Statement of responsibility, etc John Merle Coulter
250 ## - EDITION STATEMENT
Edition statement 1st
260 ## - PUBLICATION, DISTRIBUTION, ETC. (IMPRINT)
Place of publication Dehradun
Name of publisher Bishen Singh Mahendra Pal Singh
Year of publication 1993
650 ## - SUBJECT ADDED ENTRY--TOPICAL TERM
Topical Term Botany
942 ## - ADDED ENTRY ELEMENTS (KOHA)
Koha item type English Books
Holdings
Withdrawn status Lost status Damaged status Not for loan Home library Current library Shelving location Date acquired Full call number Accession Number Price effective from Koha item type
        Anna Centenary Library Anna Centenary Library 5TH FLOOR, B WING 17.10.2025 581.15 COU 173240 17.10.2025 English Books

Find us on the map